Most Beautiful Cities in the World (Airalo) - Statistics

General Stats
  • This quiz has been taken 54 times
  • The average score is 15 of 25
Answer Stats
Place Country City % Correct
5. France Paris
94%
2. Spain Barcelona
92%
6. Portugal Porto
90%
10. Brazil Rio de Janeiro
90%
19. Italy Rome
90%
9. South Africa Cape Town
88%
4. Turkey Istanbul
88%
25. Czech Republic Prague
88%
22. Australia Sydney
86%
18. Switzerland Zürich
86%
21. Argentina Buenos Aires
84%
8. Canada Vancouver
84%
15. Scotland Edinburgh
80%
24. United States New York
80%
11. Japan Kyoto
69%
17. Belgium Bruges
61%
20. Norway Bergen
55%
7. Colombia Cartagena
33%
1. India Jaipur
24%
12. Laos Luang Prabang
20%
3. New Zealand Queenstown
20%
13. Morocco Chefchaouen
12%
23. Egypt Sharm El Sheikh
6%
16. Mexico San Miguel de Allende
2%
14. Vietnam Hội An
0%
No matching quizzes found
Score Distribution
Percent of People with Each Score
Percentile by Number Answered
Your Score History
You have not taken this quiz